Online
Catalog

Nuevas aguas de dos ríos / (Record no. 58335)

MARC details
000 -CABECERA
campo de control de longitud fija 01771nam a2200373 i 4500
003 - IDENTIFICADOR DEL NÚMERO DE CONTROL
campo de control DO-SdBNP
005 - FECHA Y HORA DE LA ÚLTIMA TRANSACCIÓN
campo de control 20260209101951.0
007 - CAMPO FIJO DE DESCRIPCIÓN FÍSICA--INFORMACIÓN GENERAL
campo de control de longitud fija ta
008 - DATOS DE LONGITUD FIJA--INFORMACIÓN GENERAL
campo de control de longitud fija 250429b2024 dr ao||| |||| 00| 0 spa d
020 ## - NÚMERO INTERNACIONAL ESTÁNDAR DEL LIBRO
Número Internacional Estándar del Libro 9789945510744
040 ## - FUENTE DE LA CATALOGACIÓN
Centro catalogador/agencia de origen DO-SdBNP
Lengua de catalogación spa
Centro/agencia transcriptor BNPHU
Normas de descripción rda
041 ## - CÓDIGO DE LENGUA
Código de lengua del texto/banda sonora o título independiente spa
082 #4 - NÚMERO DE LA CLASIFICACIÓN DECIMAL DEWEY
Número de clasificación RD860.44
Número de documento/Ítem S211n
Número de edición 22
100 1# - ENTRADA PRINCIPAL--NOMBRE DE PERSONA
Nombre de persona Espaillat, Rhina P.
Fechas asociadas al nombre 1935-
Forma completa/desarrollada del nombre (Rhina Polonia),
Término indicativo de función/relación autor
Código de función/relación aut.
9 (RLIN) 28501
245 10 - MENCIÓN DE TÍTULO
Título Nuevas aguas de dos ríos /
Mención de responsabilidad, etc. Rhina P. Espaillat en español ; selección de textos y prólogo César Sánchez Beras ; prólogo de Silvio Torres-Saillant ; semblanza de Juan Matos
250 ## - MENCIÓN DE EDICIÓN
Mención de edición Primera edición
264 #4 - PRODUCCIÓN, PUBLICACIÓN, DISTRIBUCIÓN, FABRICACIÓN Y COPYRIGHT
Producción, publicación, distribución, fabricación y copyright Santo Domingo, República Dominicana :
Nombre del de productor, editor, distribuidor, fabricante Editora Nacional,
Fecha de producción, publicación, distribución, fabricación o copyright ©2024.
300 ## - DESCRIPCIÓN FÍSICA
Extensión 261 páginas :
Otras características físicas ilustraciones, fotografías ;
Dimensiones 23 cm.
336 ## - TIPO DE CONTENIDO
Término de tipo de contenido texto
Código de tipo de contenido txt
Fuente rdacontent
337 ## - TIPO DE MEDIO
Nombre/término del tipo de medio sin mediación
Código del tipo de medio n
Fuente rdamedia
338 ## - TIPO DE SOPORTE
Nombre/término del tipo de soporte volumen
Código del tipo de soporte nc
Fuente rdacarrier
490 0# - MENCIÓN DE SERIE
Mención de serie Colección Homenaje
504 ## - NOTA DE BIBLIOGRAFÍA, ETC.
Nota de bibliografía, etc. Bibliografía: páginas 259-261
505 ## - NOTA DE CONTENIDO CON FORMATO
Nota de contenido con formato Prólogo. Rhina P. Espaillat en español, 15 --
Título Conocer a Rhina P. Espaillat /
Mención de responsabilidad Silvio Torres-Saillant, 25 --
Título Poesías, 39 --
-- Cuentos, 91 --
-- Rhina P. Espaillat (la Mai) Identidad y literatura en la arquitectura cultural de la palabra /
Mención de responsabilidad Dió-Genes Abreu, 93 --
Título Ensayos, 151 --
-- Epilogo, 170 --
-- Semblanza de Rhina P. Espaillat /
Mención de responsabilidad Juan Matos, 253 --
590 ## - NOTA LOCAL (RLIN)
Nota local Inventariado, 2025 /LP
650 #7 - PUNTO DE ACCESO ADICIONAL DE MATERIA--TÉRMINO DE MATERIA
Término de materia o nombre geográfico como elemento de entrada Poesía dominicana
650 #7 - PUNTO DE ACCESO ADICIONAL DE MATERIA--TÉRMINO DE MATERIA
Término de materia o nombre geográfico como elemento de entrada Cuentos dominicanos
Fuente del encabezamiento o término LEMB
650 #7 - PUNTO DE ACCESO ADICIONAL DE MATERIA--TÉRMINO DE MATERIA
Término de materia o nombre geográfico como elemento de entrada Ensayos dominicanos
Fuente del encabezamiento o término LEMB
650 #7 - PUNTO DE ACCESO ADICIONAL DE MATERIA--TÉRMINO DE MATERIA
Término de materia o nombre geográfico como elemento de entrada Literatura dominicana
700 1# - PUNTO DE ACCESO ADICIONAL--NOMBRE DE PERSONA
Nombre de persona Sánchez Beras, César,
Fechas asociadas al nombre 1962-
Término indicativo de función/relación selección
9 (RLIN) 13221
Código de función/relación se.
700 1# - PUNTO DE ACCESO ADICIONAL--NOMBRE DE PERSONA
Nombre de persona Torres-Saillant, Silvio,
Término indicativo de función/relación prologuista
Código de función/relación pr.
9 (RLIN) 27004
910 ## - DATOS DE OPCIÓN DEL USUARIO (OCLC)
Datos de opción del usuario LP/Validado. Control de calidad MFF
942 ## - ELEMENTOS DE PUNTO DE ACCESO ADICIONAL (KOHA)
Fuente del sistema de clasificación o colocación Dewey Decimal Classification
Tipo de ítem Koha Libro
Holdings
Estado de retiro Estado de pérdida Fuente del sistema de clasificación o colocación Restricciones de uso No para préstamo Código de colección Localización permanente Ubicación/localización actual Ubicación en estantería Fecha de adquisición Fuente de adquisición Total de préstamos Signatura topográfica completa Código de barras Fecha visto por última vez Precio válido a partir de Tipo de ítem Koha Número de copia Nota pública
    Dewey Decimal Classification Excluido de préstamo   Patrimonio Dominicano Biblioteca Nacional Pedro Henríquez Ureña Biblioteca Nacional Pedro Henríquez Ureña Depósito 15.11.2024 Depósito Legal   BNPHU PD RD860.44 E72n 2025-1493 05.03.2025 05.03.2025 Libro    
    Dewey Decimal Classification Excluido de préstamo   Patrimonio Dominicano Biblioteca Nacional Pedro Henríquez Ureña Biblioteca Nacional Pedro Henríquez Ureña Depósito 15.11.2024 Depósito Legal   BNPHU PD RD860.44 E72n 2025-1494 05.03.2025 05.03.2025 Libro e.2  
    Dewey Decimal Classification Préstamo en sala   Dominicana de Servicio Biblioteca Nacional Pedro Henríquez Ureña Biblioteca Nacional Pedro Henríquez Ureña Depósito 15.11.2024 Depósito Legal   BNPHU DS RD860.44 E72n 2025-1495 05.03.2025 05.03.2025 Libro e.3  
    Dewey Decimal Classification Préstamo en sala   Dominicana de Servicio Biblioteca Nacional Pedro Henríquez Ureña Biblioteca Nacional Pedro Henríquez Ureña Depósito 12.09.2025 Donado por César Sánchez Beras   BNPHU DS RD860.44 S211n 2025-12345 03.11.2025 03.11.2025 Libro e.4 Donado por César Sánchez Beras
    Dewey Decimal Classification Préstamo en sala   Dominicana de Servicio Biblioteca Nacional Pedro Henríquez Ureña Biblioteca Nacional Pedro Henríquez Ureña Depósito 12.09.2025 Donado por César Sánchez Beras   BNPHU DS RD860.44 S211n 2025-12346 03.11.2025 03.11.2025 Libro e.5 Donado por César Sánchez Beras

Powered by Koha